| 000 | 00818nam a2200253 a 4500 | ||
|---|---|---|---|
| 001 | 13864 | ||
| 003 | BD-JhCC | ||
| 005 | 20240425131938.0 | ||
| 008 | 220216s2021 bg |||| |||| 000 0 ban d | ||
| 020 | _a9789848004029 | ||
| 035 | _a(BD-JhCC)13864 | ||
| 040 |
_aBD-JhCC _dBD-JhCC |
||
| 041 | _abangali | ||
| 082 |
_a650.1 _bHIL 2021 |
||
| 100 | _aহিল, নেপোলিয়ন | ||
| 245 |
_aরোড টু সাকসেস / _cনেপোলিয়ন হিল, অনু. ইফতেখার আমিন। |
||
| 260 |
_aঢাকা : _bচন্দ্রবিন্দু, _c2021. |
||
| 300 |
_a১৭২ পৃ. : _c২১ সেমি. |
||
| 650 | _aSuccess in business. | ||
| 650 | _aSuccess. | ||
| 700 | _a আমিন,ইফতেখার | ||
| 942 |
_2ddc _cBK _02 |
||
| 999 |
_c13864 _d13864 |
||